000 00293nam a22001337a 4500
008 170608b xxu||||| |||| 00| 0 eng d
020 _a9780895264770
041 _aeng
080 _a94
100 _a18
101 _aSHH
245 _aGUNS, CRIME, AND FREEDOM
_cLAPIERRE,W
942 _2udc
_cBK
999 _c16362
_d16362